| 000 | 00612cam a22002172 4500 | ||
|---|---|---|---|
| 001 | 0000001298 | ||
| 005 | 20151217151812.0 | ||
| 008 | 070302s xx 000 0 eng d | ||
| 020 | _cKES 385 | ||
| 040 |
_aKABU _cKABU |
||
| 050 | 0 |
_aHB172.5 _b.M84 1988 |
|
| 245 | 1 | 0 |
_aReadings in macroeconomics / _cedited by M. G. Mueller. |
| 250 | _a2nd ed. | ||
| 260 |
_aDelhi-7 : _bSurjeet Publications, _c1988. |
||
| 300 | _axv, 475 p. | ||
| 650 | 0 |
_aMacroeconomics. _@0000149933 |
|
| 700 | 1 |
_aMueller, M. G. _@0000149934 |
|
| 908 | _a070302 | ||
| 950 | _@1 | ||
| 999 |
_c5182 _d5182 |
||